Egyptian Legends and Stories / (Record no. 16919)
[ view plain ]
| 000 -LEADER | |
|---|---|
| fixed length control field | 00811nam a2200229 a 4500 |
| 001 - CONTROL NUMBER | |
| control field | 2931008 |
| 005 - DATE AND TIME OF LATEST TRANSACTION | |
| control field | 19900724080645.9 |
| 008 - FIXED-LENGTH DATA ELEMENTS--GENERAL INFORMATION | |
| fixed length control field | 890314s1988 enk 000 0 eng |
| 010 ## - LIBRARY OF CONGRESS CONTROL NUMBER | |
| LC control number | 89122057 |
| 020 ## - INTERNATIONAL STANDARD BOOK NUMBER | |
| International Standard Book Number | 0948695080 : |
| 040 ## - CATALOGING SOURCE | |
| Original cataloging agency | DLC |
| Transcribing agency | DLC |
| Modifying agency | DLC |
| 082 00 - DEWEY DECIMAL CLASSIFICATION NUMBER | |
| Classification number | 398.210962 |
| Edition number | 22 |
| Item number | SET |
| 100 2# - MAIN ENTRY--PERSONAL NAME | |
| Personal name | Seton-Williams, M. V. |
| 9 (RLIN) | 30786 |
| 245 10 - TITLE STATEMENT | |
| Title | Egyptian Legends and Stories / |
| Statement of responsibility, etc | M.V. Seton-Williams. |
| 260 ## - PUBLICATION, DISTRIBUTION, ETC. (IMPRINT) | |
| Place of publication, distribution, etc | London : |
| Name of publisher, distributor, etc | Rubicon Press, |
| Date of publication, distribution, etc | 1988. |
| 300 ## - PHYSICAL DESCRIPTION | |
| Extent | 144 p. ; |
| Dimensions | 24 cm. |
| 650 #0 - SUBJECT ADDED ENTRY--TOPICAL TERM | |
| Topical term or geographic name as entry element | Legends |
| Geographic subdivision | Egypt. |
| 9 (RLIN) | 30787 |
| 653 ## - INDEX TERM--UNCONTROLLED | |
| Resource For college | |
| Arrived date list | July2012 |
| 942 ## - ADDED ENTRY ELEMENTS (KOHA) | |
| Source of classification or shelving scheme | Dewey Decimal Classification |
| Item type | Book - Borrowing |
| Withdrawn status | Item status | Source of classification or shelving scheme | Damaged status | Not for loan | Vendor | Home library | Current library | Shelving location | Date acquired | Source of acquisition | Cost, normal purchase price | Serial Enumeration / chronology | Total Checkouts | Full call number | Barcode | Date last seen | Koha item type |
|---|---|---|---|---|---|---|---|---|---|---|---|---|---|---|---|---|---|
| Dewey Decimal Classification | Baccah | Central Library | Central Library | First floor | 31/07/2012 | 176.00 | 15359 | 398.210962 SET | 000027038 | 15/07/2025 | Book - Borrowing |